LIBRARY & INFORMATION CENTRE, KCAET, TAVANUR

ONLINE PUBLIC ACCESS CATALOGUE (OPAC)

Living biographies of great scientists / (Record no. 6093)

MARC details
000 -LEADER
fixed length control field 00551cam a2200205ua 4500
041 ## - LANGUAGE CODE
Language code of text/sound track or separate title eng
082 ## - DEWEY DECIMAL CLASSIFICATION NUMBER
Classification number 925
Item number THO/LI
100 ## - MAIN ENTRY--AUTHOR NAME
Personal name Thomas, Henry .
245 ## - TITLE STATEMENT
Title Living biographies of great scientists /
260 ## - PUBLICATION, DISTRIBUTION, ETC. (IMPRINT)
Place of publication Mumbai :
Name of publisher Bharatiya Vidya Bhavan ,
Year of publication 1961.
300 ## - PHYSICAL DESCRIPTION
Number of Pages 233 ; .
490 0# - SERIES STATEMENT
Series statement Bhavan`s book university,
Volume number/sequential designation
700 1# - ADDED ENTRY--PERSONAL NAME
Personal name Thomas, Dana .
942 ## - ADDED ENTRY ELEMENTS (KOHA)
Koha item type Books
Holdings
Withdrawn status Lost status Damaged status Home library Current library Date acquired Full call number Accession Number Koha item type
Withdrawn     KAUAET KAUAET 07/04/2012 925 3375 Books
free website counter